Mafia II Trivia Quiz - Statistics

General Stats
  • This quiz has been taken 82 times
  • The average score is 11 of 25
Answer Stats
Question Answer % Correct
What year was Vito born? 1925
83%
Who killed Vito's father? Steve Coyne
73%
How many years did Leo knock off Vito's prison sentence? Four
72%
Who's family is Derek a part of? Frank Vinci
70%
Which family leader owns a slaughter house? Alberto Clemente
69%
What drug do Vito, Joe and Henry distribute in 'Sea Gift'? Heroin
61%
What is the name of the loan shark that live on Palisade Street? Bruno Levine
59%
Who earned a discharge after poking their left eye out on a tree branch? Harry Marsden
56%
What is the name of the first weapon Vito obtains from Harry? MG-42
47%
What is the name of the gang situated in Sand Island and Hunter's Point? The Bombers
45%
What is the name of Frank Vinci's bar? The Mona Lisa
45%
The Hill of Tara is located in which part of the city? Kingston
42%
What is the name of the bar Joe visits towards the end of 'Room Service'? The Lone Star
41%
Who does El Greco declare will probably never walk again? Antonio Balsamo
39%
Where is Marty's apartment located? Oyster Bay
39%
Gary Stevens is the host of which radio station? Empire Classic
38%
Where does Vito move when he becomes 'made'? Greenfield
27%
What make is Luca Gurino's car? Shubert Frigate
25%
What is the name of the gas station attendant that ratted Vito out? Stan
25%
Which area of the city is the observatory located? Hillwood
23%
Which area of the city is home to Vangel's? Midtown
23%
What is the name of the mission where Villa Scaletta gets burned down? A Friend Of Ours
20%
Why was Leo Galante arrested? Fight fixing
14%
What is the name of the city's baseball team? Empire Bay Cannons
11%
What make of car is the taxi after Vito is released from prison? Quicksilver Windsor
11%
No matching quizzes found
Score Distribution
Percent of People with Each Score
Percentile by Number Answered
Your Score History
You have not taken this quiz